01213nab a22002417a 4500999001500000003000400015005001700019008004100036040000700077100003600084245009800120260007300218300001400291500003700305505025900342505008200601650002300683650002900706650003400735650003200769773015700801942001300958 c5696d5696OSt20251229112042.0190429b xxu||||| |||| 00| 0 spa d cPJ 96102aMartínez, Agustina Lara13aEl caso del "Tirano del hogar" : b¿dogmática penal vs. DIDH? /cAgustina Lara Martínez. cCiudad Autónoma de Buenos Aires :aThomson Reuters La Ley, b2025. ap. 96-102 aCita: TR LALEY AR/DOC/2196/2025. aSumario: I. Introducción.— II. Análisis de un caso: "M. C. S".— III. El abordaje del caso del "Tirano del hogar" en la dogmática penal.— IV. El juicio por jurados y la perspectiva de género.— V. Algunas (breves) conclusiones preliminares. tSi te interesa el texto completo, solicitalo a koha@justierradelfuego.gov.ar  09343aDERECHO PENAL 092793aLEGÍTIMA DEFENSA 094044aPERSPECTIVA DE GÉNERO 093053aVIOLENCIA DE GÉNERO0 0265893164tRevista de derecho penal y criminología. Nº 8 - Octubre 2025dCiudad Autónoma de Buenos Aires : Thomson Reuters La Ley, 2017-x00347914 2udccANA